| 000 | 00515nam a22001577a 4500 | ||
|---|---|---|---|
| 003 | OSt | ||
| 005 | 20260120104051.0 | ||
| 008 | 260120b |||||||| |||| 00| 0 eng d | ||
| 040 | _cMRSPTU | ||
| 041 | _aENG | ||
| 100 | _aSukhwinder Kaur, Supervisor: Ms. Navdeep Kaur Khiva | ||
| 245 | _aAN INTELLECTUAL METHOD OF VIDEO COPYRIGHT AUTHENTICATION USING SVD-LWT AND THE MERGED LOGO USING LIFTING WAVE METHOD | ||
| 260 |
_bDepartment of CSE, MRSPTU, Bathinda _c2022 |
||
| 650 | _aComputer Science | ||
| 942 |
_2ddc _cTH _n0 |
||
| 999 |
_c10694 _d10694 |
||